كتاب المختلطين / (Record no. 48047)
[ view plain ]
| 000 -الفاتح | |
|---|---|
| حقل البيانات ثابتة الطول | 00689nam a2200217Ia 4500 |
| 008 - عناصر البيانات ثابتة الطول - معلومات عامة | |
| حقل البيانات ثابتة الطول | 140319s9999 xx 000 0 ara d |
| 040 ## - مصدر الفهرسة | |
| وكالة الفهرسة الأصلية | GCL / |
| وكالة النسخ | GCL |
| 082 04 - رقم تصنيف ديوى العشرى | |
| رقم التصنيف | 234.4 |
| رقم المادة | ع ك |
| 100 1# - المدخل الرئيسى - إسم شخصى | |
| الإسم الشخصى | رفعت فوزى عبدالمطلب |
| 245 10 - بيان العنوان | |
| العنوان | كتاب المختلطين / |
| بيان المسئوليه,etc | رفعت فوزى عبدالمطلب |
| 700 1# - المدخل الاضافى - اسم شخصى | |
| الإسم الشخصى | العلائى , صلاح الدين |
| 700 1# - المدخل الاضافى - اسم شخصى | |
| الإسم الشخصى | على عبدالباسط مزيد |
| 300 ## - الوصف المادى | |
| التعداد | 152 ص |
| 490 ## - بيان السلسلة | |
| عنوان السلسلة | |
| 650 04 - المدخل الاضافى بالموضوع-مصطلح موضوعى | |
| مصطلح موضوعي | الحديث |
| 650 04 - المدخل الاضافى بالموضوع-مصطلح موضوعى | |
| مصطلح موضوعي | الحديث - الاسناد الضعيف |
| 650 04 - المدخل الاضافى بالموضوع-مصطلح موضوعى | |
| مصطلح موضوعي | الحديث - تراجم الرواة |
| 650 04 - المدخل الاضافى بالموضوع-مصطلح موضوعى | |
| مصطلح موضوعي | الحديث - الجرح والتعديل |
| 942 ## - عناصر المدخل الإضافي( كوها) | |
| مصدر التصنيف او مخطط الترفيف | Dewey Decimal Classification |
| Koha [default] item type | كتاب |
| حالة التراجع | حالة الفقد | حالة تلف | ليس للاعارة | المكان المؤقت | الموقع الحالى | تاريخ الاكتساب | اجمالي اﻻعارات | رقم الطلب | الباركود | تاريخ اخر مشاهدة | تاريخ تفعيل السعر | نوع وعاء كوها |
|---|---|---|---|---|---|---|---|---|---|---|---|---|
| مكتبة القاهرة الكبرى | مكتبة القاهرة الكبرى | 03/26/2014 | 234.4\ع ك | 115918 | 03/26/2014 | 03/26/2014 | كتاب | |||||
| مكتبة القاهرة الكبرى | مكتبة القاهرة الكبرى | 03/26/2014 | 234.4\ع ك | 115919 | 03/26/2014 | 03/26/2014 | كتاب |

